University Home | Library Home | Institutional Repository

Grain and forage crops : (Record no. 112076)

MARC details
000 -LEADER
fixed length control field 00477cam4a220018100 4500
001 - CONTROL NUMBER
control field tmp15760325
003 - CONTROL NUMBER IDENTIFIER
control field UPRA
005 - DATE AND TIME OF LATEST TRANSACTION
control field 20190819122301.0
008 - FIXED-LENGTH DATA ELEMENTS--GENERAL INFORMATION
fixed length control field 951023s1976 xx eng u
035 ## - SYSTEM CONTROL NUMBER
System control number (Sirsi) r43881
035 ## - SYSTEM CONTROL NUMBER
System control number (UPRA)tmp15760325
040 ## - CATALOGING SOURCE
Transcribing agency UPRA
100 1# - MAIN ENTRY--PERSONAL NAME
Personal name George, J. R.
Linkage A1554.1
245 10 - TITLE STATEMENT
Title Grain and forage crops :
Remainder of title laboratory manual.
260 ## - PUBLICATION, DISTRIBUTION, ETC.
Date of publication, distribution, etc. 1976.
949 ## - LOCAL PROCESSING INFORMATION (OCLC)
a SB189
w lcc
i 33729001877419
m MAIN
p 2500
t BOOK
l ON-SHELF

No items available.

© 2026 - The University of Zambia Library - Koha v25.11